000
00345 a2200121 4500
001
ART_10760
005
20260410161854.0
008
260409a
245
1
0
_a
Aborto
100
1
_a
Rodriguez Pería, María Eugenia
700
1
_a
Kandus, Cecilia
773
0
_t
Derecho privado
_g
Bioderecho - Año I, Nº 1 (mayo 2012)
_w
REV10455
999
_c
25294
_d
25294